Squadre con la peggiore Differenza reti in Serie A - Statistics

Statistiche generali
  • Questo quiz è stato fatto 42 volte
    4 dall'ultimo reset
  • Il punteggio medio è 8 su 15
Statistiche sulle risposte
Differenza reti Squadra % Corretto
- 432 Lecce
100%
- 382 Palermo
100%
- 536 Bari
75%
- 317 Cagliari
75%
- 339 Genoa
75%
- 333 Brescia
50%
- 300 Empoli
50%
- 379 Hellas Verona
50%
- 293 Udinese
50%
- 277 Venezia
50%
- 312 Livorno
25%
- 247 SPAL
25%
- 276 Triestina
25%
- 247 Vicenza
25%
- 258 Pro Patria
0%
Nessun quiz corrispondente trovato
Distribuzione punteggi
Percentuale di utenti per punteggio
Percentile per numero di risposta
I tuoi punteggi nel tempo
Non hai fatto questo quiz dall'ultimo reset